|
|
|
|
| LEADER |
01744nam a2200469 a 4500 |
| 001 |
000767038 |
| 003 |
CZ BrMZK |
| 005 |
20050429130731.0 |
| 007 |
ta |
| 008 |
050316s2005 xr ac erd 000 0ccze d |
| 015 |
|
|
|a cnb001527539
|
| 020 |
|
|
|a 80-00-01601-X
|q (váz.)
|
| 035 |
|
|
|a (OCoLC)63109885
|
| 040 |
|
|
|a BOA001
|b cze
|
| 072 |
|
7 |
|a 929
|x Biografie
|2 Konspekt
|9 8
|
| 080 |
|
|
|a 929
|2 MRF
|
| 080 |
|
|
|a 7.071
|2 MRF
|
| 080 |
|
|
|a 101-051
|2 MRF
|
| 080 |
|
|
|a 82-051
|2 MRF
|
| 080 |
|
|
|a 316.7
|2 MRF
|
| 080 |
|
|
|a (031)929
|2 MRF
|
| 100 |
1 |
|
|a Haškovec, Vít,
|d 1965-
|7 ola2003191798
|4 aut
|
| 245 |
1 |
0 |
|a Galerie géniů, aneb, Kdo byl kdo /
|c Vít Haškovec, Ondřej Müller, Irena Tatíčková
|
| 246 |
3 |
3 |
|a Kdo byl kdo
|
| 246 |
3 |
3 |
|a Literatura, umění, filozofie
|
| 250 |
|
|
|a 3., opr. vyd.
|
| 260 |
|
|
|a Praha :
|b Albatros,
|c 2005
|
| 300 |
|
|
|a 411 s. :
|b il., portréty ;
|c 18 cm
|
| 500 |
|
|
|a Obálkové podnázvy: 200 osobností kultury 20. století; Literatura, umění, filozofie
|
| 650 |
0 |
7 |
|a osobnosti
|7 ph115615
|y 20. stol.
|2 czenas
|
| 650 |
0 |
7 |
|a umělci
|7 ph116527
|y 20. stol.
|2 czenas
|
| 650 |
0 |
7 |
|a filozofové
|7 ph117191
|y 20. stol.
|2 czenas
|
| 650 |
0 |
7 |
|a spisovatelé
|7 ph125911
|y 20. stol.
|2 czenas
|
| 650 |
0 |
7 |
|a kultura
|7 ph122009
|y 20. stol.
|2 czenas
|
| 655 |
|
7 |
|a biografické slovníky
|7 fd131906
|2 czenas
|
| 700 |
1 |
|
|a Müller, Ondřej,
|d 1966-
|7 jn20001005426
|4 aut
|
| 700 |
1 |
|
|a Tatíčková, Irena
|7 xx0010313
|4 aut
|
| 856 |
4 |
1 |
|u http://www.digitalniknihovna.cz/mzk/uuid/uuid:1c9b8700-0982-11e3-beb8-005056827e51
|y Digitalizovaný dokument
|x NDK
|
| 910 |
|
|
|a BOA001
|b 1-1145.844
|
| 990 |
|
|
|a BK
|
| 991 |
|
|
|b 200504
|c NOV
|
| 996 |
6 |
|
|b 2610246518
|c 1-1145.844
|l MZK
|r Sklad / do 1 hodiny
|n 0
|p p.v.
|w 000767038
|u 000010
|a 1
|e BOA001
|j MZK50
|s P
|